000 00419nam a2200169Ia 4500
001 31156
003 IN-NITTTR
005 20251114233418.0
008 251113s9999||||xx |||||||||||||| ||eng||
040 _beng
040 _cIN-NITTTR
041 _aeng
082 _a658.4038 S41B
100 _aSchmarzo, Bill
245 0 _aBig data :
_b understanding how data powers big business /
_cSchmarzo, Bill
942 _2ddc
_cBK
999 _c33786
_d33786